Normal view
MARC view
Entry Personal Name
001 - CONTROL NUMBER
- control field: 709366
003 - CONTROL NUMBER IDENTIFIER
- control field:
005 - DATE AND TIME OF LATEST TRANSACTION
- control field: 20210627043059.0
008 - FIXED-LENGTH DATA ELEMENTS
- fixed length control field: 210627|| aca||aabn | a|a d
040 ## - CATALOGING SOURCE
- Original cataloging agency:
- Transcribing agency:
100 ## - HEADING--PERSONAL NAME
- Personal name: Davies, William Edward,
- Dates associated with a name: 1917-
670 ## - SOURCE DATA FOUND
- Source citation: Work cat.: ()586719: Briggs, Reginald Peter, 1929- 709363, Landsliding in Allegheny County, Pennsylvania /, 1975.
